El poder psiquiátrico : curso en el Collège de France, 1973-1974 /

Obra que reúne las lecciones dictadas por Foucault en el Collège de France en los años 1973-1974. Se trata de un estudio, no de la enfermedad mental misma, sino del análisis que develan las construcciones discursivas de la psiquiatría, en el que se destacan las relaciones de poder entre el médico ac...

Whakaahuatanga katoa

I tiakina i:
Ngā taipitopito rārangi puna kōrero
Kaituhi matua: Foucault, Michel (autor)
Ētahi atu kaituhi: Lagrange, Jacques (edición) (edición), Ewald, François (dirección) (dirección), Fontana, Alessandro (dirección) (dirección)
Hōputu: Pukapuka
Reo:Pāniora
I whakaputaina: Buenos Aires, Argentina : Fondo de Cultura Económica, 2005, c2005
Rangatū:(Sección de Obras de Sociología)
Ngā marau:
Ngā Tūtohu: Tāpirihia he Tūtohu
Kāore He Tūtohu, Me noho koe te mea tuatahi ki te tūtohu i tēnei pūkete!

MARC

LEADER 00000nam^a2200000^a^4500
001 000181701
005 20250521000000.0
009 20260310101942.615
020 |a 950-557-637-4 
037 |a Acervo ITESO - Biblioteca 
041 |a ESP 
082 |a 140. 9  |b FOU HIS 1973-1974 
100 |a Foucault, Michel  |e (autor) 
240 1 1 |a [Historia de los sistemas de pensamiento filosófico: curso en el Collège de France] 
245 1 3 |a El poder psiquiátrico :  |b curso en el Collège de France, 1973-1974 /  |c M. Foucault ; ed. de J. Lagrange ; dir. de F. Ewald, A. Fontana ; tr. de Horacio Pons. 
264 4 |a Buenos Aires, Argentina :  |b Fondo de Cultura Económica,  |c 2005, c2005 
300 |a 448 p. 
336 |a texto  |b txt  |2 rdacontenido 
337 |a sin mediación  |b n  |2 rdamedio 
338 |a volumen  |b nc  |2 rdasoporte 
440 1 |a (Sección de Obras de Sociología) 
500 |a Traducción de: Le pouvoir psychiatrique. Cours au Collège de France. 1973-1974 
520 |a Obra que reúne las lecciones dictadas por Foucault en el Collège de France en los años 1973-1974. Se trata de un estudio, no de la enfermedad mental misma, sino del análisis que develan las construcciones discursivas de la psiquiatría, en el que se destacan las relaciones de poder entre el médico actuante, que ordena, manipula y reglamenta; y el enfermo mental como objeto de estudio y como subjetivador de las normas que se le imponen. 
649 |a XX 
650 |a Psiquiatras -  |x Condiciones Sociales y Culturales 
650 |a Relación Médico-Paciente -  |x Aspectos Sociales y Culturales 
650 |a Psicopatología -  |x Aspectos Sociales y Culturales 
650 |a Relación Analítica 
650 |a Poder (Ciencias Sociales) 
650 |a Semiótica y Sociedad 
650 |a Psiquiatría -  |x Aspectos Sociales y Culturales -  |x Tema Principal 
650 |a Psicología Clínica 
650 |a Sociología de la Medicina 
650 |a Filosofía del Lenguaje 
650 |a Estructuralismo 
650 |a Filosofía del Siglo XX 
650 |a Filosofía Francesa 
700 |a Lagrange, Jacques  |e (edición) 
700 |a Ewald, François  |e (dirección) 
700 |a Fontana, Alessandro  |e (dirección) 
910 |a Fondo General 
920 |a Impresos - Libros 
930 |a Colección General 
905 |a 101 
901 |a 0500121412  |b IT1  |c ACC  |u 20250521 
902 |a https://opac.biblio.iteso.mx/vufind/Record/000181701